000 00827nam a22001937a 4500
999 _c57619
_d57619
003 Ge_BSU
005 20200818141941.0
008 200818s2019 ge ||||| |||| 00| 0 geo d
020 _a9789941167065
041 _ageo
080 _a347 ს-97
100 _aსუხიტაშვილი, დავით
_99248
245 _aვადები სამოქალაქო სამართალში /
_cდავით სუხიტაშვილი; რედ. რომან შენგელია.
264 _aთბ. :
_bსაქართველოს მაცნე,
_c2019.
300 _a435 გვ.
_b21 სმ.
653 _aსამოქალაქო სამართალი
700 _aშენგელია, რომან
_eრედაქტორი
_9909
942 _2udc
_cBK